000 00482nam a22001937a 4500
003 MPLRDC
005 20220104143615.0
008 210129b ||||| |||| 00| 0 eng d
020 _a7-5342-1224-3
082 _a859.6 ZYc
100 _a张彦 著
245 _a山湖妈妈的孩子
_c
250 _a第一版
260 _a
_b浙江少年儿童出版社
_c1996
300 _b
490 _a张彦幼儿文学作品选
650 _a幼儿文学
942 _cBK
_o859.6 ZYc
999 _c41561
_d41551